Stopercentná ochrana vkladov občanov sa na Slovensku neosvedčila
Nedostatočný systém ochrany vkladov na Slovensku. Nedostatok prostriedkov vo Fonde ochrany vkladov (FOV). Krach malých bánk dosť vyčerpal FOV. Klienti robia chybu, že sa väčšinou rozhodujú podľa výšky ponúkaných úrokov a nie podľa stability banky. Povinnosť bánk (podľa zákona) ročne platiť príspevok...
Salvato in:
| Autore principale: | |
|---|---|
| Altri autori: | |
| Natura: | Capitolo di libro |
| Lingua: | slovacco |
| Soggetti: | |
| Tags: |
Nessun Tag, puoi essere il primo ad aggiungerne!!
|
MARC
| LEADER | 00000naa a2200000 4500 | ||
|---|---|---|---|
| 001 | r038830 | ||
| 005 | 20230921105931.6 | ||
| 041 | 0 | |a slo | |
| 044 | |a SK | ||
| 245 | 1 | 0 | |a Stopercentná ochrana vkladov občanov sa na Slovensku neosvedčila |c Jana Kováčová, Ján Kovalčík |
| 520 | |a Nedostatočný systém ochrany vkladov na Slovensku. Nedostatok prostriedkov vo Fonde ochrany vkladov (FOV). Krach malých bánk dosť vyčerpal FOV. Klienti robia chybu, že sa väčšinou rozhodujú podľa výšky ponúkaných úrokov a nie podľa stability banky. Povinnosť bánk (podľa zákona) ročne platiť príspevok do FOV. Vysoko úročené vklady škodia. Smernica EÚ pripúšťa 90-percentné ručenie vkladov. | ||
| 610 | 2 | 0 | |a banky |
| 610 | 2 | 0 | |a vklady |
| 610 | 2 | 0 | |a ochrana vkladov |
| 610 | 2 | 0 | |a úrok |
| 610 | 2 | 0 | |a Európska únia |
| 610 | 2 | 0 | |a smernice |
| 610 | 2 | 0 | |a Slovensko |
| 610 | 2 | 0 | |a Fond ochrany vkladov |
| 100 | 1 | |a Kováčová, Jana | |
| 700 | 1 | |a Kovalčík, Ján | |